00491cam a22001337a 4500008004000000082001400040100002200054245008900076260004200165300001300207500009400220650001800314700002500332180718b1967 xxu||||| |||| 00| 0 eng d aBA27 R631 aRogers, Edward S. aHuman ecology: toward a holistic methodcby Edward S. Rogers and Harley B. Messinger aNew YorkbMilbank Memorial Fundc1967 ap. 25-42 aReprinted from the Milbank Memorial Fund Quarterly, vol. XLV. no. 1 part 1 , January 1967 aHuman ecology aMessinger, Harley B.